000 00466nam a2200169Ia 4500
008 090711s9999 xx 000 0 und d
082 _b67991
100 _aजाधव टी. के.
245 _aगुलशन-ए-गजल
260 _c1991
300 _a81
600 _aजाधव टी. के.
630 _aगुलशन-ए-गजल
700 _aजाधव टी. के.
730 _aगुलशन-ए-गजल
942 _cBOOK
999 _c292378
_d292378